01222nam a2200277 a 450000100060000000300080000600500170001400800410003103500190007204000430009104100110013408200300014510000260017524501820020126000310038330000280041450000850044250000200052750400260054765000190057370000360059294200120062899900170064095201530065795201340081073504BD-RjUL20211209082414.0170603s1966 enka b 001 0 eng  a(BD-RjUL)73722 aDLCcIRoCdIRoCdUkdDLCdBD-RjULbeng1 aengdan 223a635.9333734bKIM 19661 aKiaer, Eigil 921747910aMethuen handbook of roses /cby Eigil Kiaer ; with illustrations by Verner Hancke ; translated [from the Danish] by Gwynne Vevers ; with additional material by Fred Fairbrother. aLondon :bMethuen,cc1966. a111 p. :bill.;c25 cm. aOriginally published as Den store rosenbog, Copenhagen, Politikens Forlag, 1965. aIncludes index. aBibliography: p. 109. 0aRoses.92174801 aHancke, Verner,eillus.9217481 2ddccBK c73504d73504 00102ddc40718NFICaRUCLbRUCLcReadingd1973-06-07eDacca, Book Centreg33.00l0o635.9333734 KIM 1966r2017-06-03 00:00:00tC-1w2017-06-03yBK 00102ddc40708NFICaRUCLbRUCLcStackd1967-01-19eEuro-Pakl0o635.9333734 KIM 1966r2017-06-04 00:00:00tC-2w2017-06-04yBK